An introduction to data structures with applications /

Guardado en:
Autor Principal: Tremblay, Jean-Paul, 1938-
Otros Autores: Sorenson, P. G.
Formato: Libro
Idioma:English
Publicado: New York : McGraw-Hill, c1976.
Series:McGraw-Hill computer science series
Materias:
Etiquetas: Agregar Etiqueta
Sin Etiquetas, Sea el primero en etiquetar este registro!
LEADER 00815cam a2200241 a 4500
001 MAT.inmabb005970
008 751020s1976####nyua#####b####001#0#eng##
005 20170523111829.0
245 1 3 |a An introduction to data structures with applications /  |c J. P. Tremblay, P. G. Sorenson. 
260 |a New York :  |b McGraw-Hill,  |c c1976. 
300 |a xvi, 704 p. :  |b il. ;  |c 24 cm. 
490 0 |a McGraw-Hill computer science series 
504 |a Incluye referencias bibliográficas e índice. 
510 4 |a MR,  |c 55 #9630 
020 |a 0070651507 
100 1 |a Tremblay, Jean-Paul,  |d 1938- 
700 1 |a Sorenson, P. G. 
650 0 |a Data structures (Computer science) 
650 0 |a Computer programming. 
084 |a 68A50 (68A05)  |2 MR 
010 |a  75034284  
040 |a DLC  |c DLC  |d DLC 
859 |h 68  |i T791  |p A-4795  |b BIB. MATEMATICA